| 000 | 00920nam a2200181Ia 4500 | ||
|---|---|---|---|
| 008 | 151202s9999||||xx |||||||||||||| ||und|| | ||
| 082 | _bPNVM-74977 | ||
| 100 | _aऔरंगाबादकर अनुराधा. | ||
| 245 | _aनाट्यप्रेमी-कमलाकर सारंग.16 पानी कृ.ध. छायाचित्रे. | ||
| 260 | _b"प्रतिक प्रकाशन,पुणे." | ||
| 260 | _c74977 | ||
| 300 | _a184 | ||
| 600 | _aऔरंगाबादकर अनुराधा. | ||
| 630 | _aनाट्यप्रेमी-कमलाकर सारंग.16 पानी कृ.ध. छायाचित्रे. | ||
| 700 | _aऔरंगाबादकर अनुराधा. | ||
| 730 | _aनाट्यप्रेमी-कमलाकर सारंग.16 पानी कृ.ध. छायाचित्रे. | ||
| 942 | _cBOOK | ||
| 999 |
_c1341637 _d1341634 |
||